Legendary Pokemon - Statistics

General Stats
  • This quiz has been taken 659 times
    615 since last reset
  • The average score is 48 of 85
Answer Stats
Type(s) Pokemon % Correct
Kanto, Ice-Flying Articuno
97%
Psychic Mew
97%
Electric-Flying Zapdos
97%
Psychic Mewtwo
96%
Fire-Flying Moltres
96%
Ground Groudon
89%
Fire-Flying Ho-oh
89%
Water Kyogre
87%
Psychic-Flying Lugia
87%
Ice Regice
87%
Hoenn, Rock Regirock
87%
Steel Registeel
87%
Water Suicune
87%
Fire Entei
86%
Dragon-Flying Rayquaza
85%
Water-Dragon Palkia
83%
Steel-Dragon Dialga
82%
Johto, Electric Raikou
82%
Psychic-Grass Celebi
77%
Dragon-Psychic Latias
77%
Dragon-Psychic Latios
76%
Ghost-Dragon Giratina
75%
Dark Darkrai
70%
Electric-Dragon Zekrom
70%
Normal Arceus
68%
Normal Regigigas
68%
Psychic Uxie
67%
Fire-Dragon Reshiram
66%
Psychic Azelf
64%
Steel-Psychic Jirachi
64%
Psychic Mesprit
64%
Fire-Steel Heatran
63%
Psychic Deoxys
62%
Ice-Dragon Kyurem
59%
Grass Shaymin
56%
Psychic Cresselia
55%
Water Manaphy
55%
Unova, Fire-Psychic Victini
55%
Kalos, Fairy Xerneas
55%
Dark-Flying Yveltal
55%
Steel-Fighting Cobalion
54%
Psychic-Ghost Lunala
54%
Rock-Fighting Terrakion
54%
Grass-Fighting Virizion
54%
Water Phione
52%
Psychic-Steel Solgaleo
52%
Flying Tornadus
52%
Dragon-Ground Zygarde
52%
Ground-Flying Landorus
50%
Electric-Fairy Tapu Koko
50%
Sinnoh, Electric-Ghost Rotom
49%
Psychic-Fairy Tapu Lele
49%
Electric-Flying Thundurus
49%
Water-Fighting Keldeo
48%
Steel-Bug Genesect
47%
Water-Fairy Tapu Fini
47%
Grass-Fairy Tapu Bulu
46%
Fire-Water Volcanion
42%
Rock-Fairy Diancie
41%
Fairy Zacian
41%
Psychic-Ghost Hoopa
40%
Fighting Zamazenta
40%
Psychic Cosmog
39%
Normal-Psychic Meloetta
38%
Psychic Necrozma
38%
Bug-Fire Volcarona
38%
Bug-Fighting Buzzwole
36%
Poison-Dragon Eternatus
36%
Bug-Fire Larvesta
34%
Fighting-Ghost Marshadow
34%
Psychic Cosmoem
33%
Steel-Flying Celesteela
32%
Dark-Dragon Guzzlord
32%
Grass-Steel Kartana
32%
Poison Poipole
32%
Electric Xurkitree
32%
Steel-Fairy Magearna
31%
Poison-Dragon Naganadel
31%
Rock-Poison Nihilego
30%
Alola, Normal Type:Null
30%
Bug-Fighting Pheromosa
29%
Rock-Steel Stakataka
29%
Normal Silvally
28%
Electric Zeraora
28%
Fire-Ghost Blacephalon
27%
No matching quizzes found
Score Distribution
Percent of People with Each Score
Percentile by Number Answered
Your Score History
You have not taken this quiz since the last reset